000 00707nam a2200169 4500
003 LK-CoMWRAF
005 20231217205605.0
008 231217b |||||||| |||| 00| 0 eng d
040 _aLK-CoMWRAF
_dLK-CoMWRAF
_eLK-CoMWRAF
041 _asin
082 _a343
_bNAW
245 _aනව ආණ්ඩුක්‍රම ව්‍යවස්ථාවක් අපට අවශ්‍ය ඇයි?
246 _aNawa andukrama wyawasthawak apata awashya ayi?
260 _aකොළඹ :
_bආණ්ඩුක්‍රම ව්‍යවස්ථා වෙනසකට පුරවැසි ප්‍රයත්නය,
650 _aආණ්ඩුක්‍රම ව්‍යවස්ථාව
942 _cBK
999 _c4508
_d4508